| 000 | 00418nam a2200121Ia 4500 | ||
|---|---|---|---|
| 008 | 200902s9999 xx 000 0 und d | ||
| 020 | _a978-621-427-047-7 | ||
| 100 | _aSergote, Jessie F. | ||
| 245 |
_cJessie Sergote.-- _aEssentials of business ethics / |
||
| 260 |
_aManila : _bUnlimited Books Library Services & Publishing Inc. _c2019 |
||
| 300 |
_ax , 196 pages : _billustrations ; _c23 cm. |
||
| 650 | _aBusiness ethics | ||
| 999 |
_c363928 _d363928 |
||